LEADER 00890nam2-22003011i-450- 001 990005573280403321 005 20091029153838.0 035 $a000557328 035 $aFED01000557328 035 $a(Aleph)000557328FED01 035 $a000557328 100 $a19990604d1957----km-y0itay50------ba 101 0 $aita 102 $aIT 105 $af-------00--- 200 1 $a<> storie della Genesi e di Giuseppe 210 $aFirenze$cCassa di Risparmio di Firenze$dstampa 1957 215 $a4 c., 49 tav.$d35 cm 461 0$1001000557310$12001$a<>mosaici del Battistero di Firenze 676 $a729.7$v21$zita 702 1$aAntony de Witt,$bAntonio 801 0$aIT$bUNINA$gRICA$2UNIMARC 901 $aBK 912 $a990005573280403321 952 $a729.7 MOS 1 (4)$bST.ARTE 4431$fFLFBC 959 $aFLFBC 996 $aStorie della Genesi e di Giuseppe$9607053 997 $aUNINA LEADER 01937nam 2200613Ia 450 001 9910451685103321 005 20200520144314.0 010 $a1-280-52806-0 010 $a0-19-802565-3 010 $a1-4294-0612-7 035 $a(CKB)1000000000465852 035 $a(EBL)272423 035 $a(OCoLC)476010641 035 $a(SSID)ssj0000216024 035 $a(PQKBManifestationID)11184954 035 $a(PQKBTitleCode)TC0000216024 035 $a(PQKBWorkID)10194198 035 $a(PQKB)10757550 035 $a(MiAaPQ)EBC272423 035 $a(Au-PeEL)EBL272423 035 $a(CaPaEBR)ebr10278349 035 $a(CaONFJC)MIL52806 035 $a(OCoLC)466427030 035 $a(EXLCZ)991000000000465852 100 $a19941005d1995 uy 0 101 0 $aeng 135 $aurcn||||||||| 181 $ctxt 182 $cc 183 $acr 200 10$aOrestes$b[electronic resource] /$fEuripides ; translated by John Peck and Frank Nisetich 210 $aNew York $cOxford University Press$d1995 215 $a1 online resource (124 p.) 225 1 $aThe Greek tragedy in new translations 300 $aDescription based upon print version of record. 311 $a0-19-509659-2 327 $aContents; Introduction; Orestes; Notes on the Text; Glossary; 330 $aThis is a translation of Euripides's 'Orestes' by Peck, a poet, and Nisetich, a classicist, with introduction, glossary, and full stage directions. 410 0$aGreek tragedy in new translations. 606 $aOrestes (Greek mythology)$vDrama 606 $aMythology, Greek 608 $aElectronic books. 615 0$aOrestes (Greek mythology) 615 0$aMythology, Greek. 676 $a882.01 676 $a882/.01 700 $aEuripides$0229973 801 0$bMiAaPQ 801 1$bMiAaPQ 801 2$bMiAaPQ 906 $aBOOK 912 $a9910451685103321 996 $aOrestes$919906 997 $aUNINA